LEADER 04422nam 2200613 a 450 001 9910452557703321 005 20200520144314.0 010 $a90-04-25543-5 035 $a(CKB)2550000001100427 035 $a(EBL)1316694 035 $a(OCoLC)853238452 035 $a(SSID)ssj0000917946 035 $a(PQKBManifestationID)11541693 035 $a(PQKBTitleCode)TC0000917946 035 $a(PQKBWorkID)10893476 035 $a(PQKB)10528331 035 $a(MiAaPQ)EBC1316694 035 $a(OCoLC)853605813 035 $a(nllekb)BRILL9789004255432 035 $a(Au-PeEL)EBL1316694 035 $a(CaPaEBR)ebr10734228 035 $a(CaONFJC)MIL504853 035 $a(EXLCZ)992550000001100427 100 $a20130510d2013 uy 0 101 0 $aeng 135 $aurun####uuuua 181 $ctxt 182 $cc 183 $acr 200 10$aEconomic diplomacy$b[electronic resource] $eJapan and the balance of national interests /$fby Maaike Okano-Heijmans 210 $aLeiden $cMartinus Nijhoff Publishers$d2013 215 $a1 online resource (229 p.) 225 0$aDiplomatic studies,$x1872-8863 ;$vv. 9 300 $aOriginally presented as the author's doctoral thesis, University of Antwerp. 311 $a90-04-25542-7 311 $a1-299-73602-5 320 $aIncludes bibliographical references and index. 327 $aPreliminary Material -- Introduction Economic Diplomacy: Japan and the Balance of National Interests -- Chapter One Conceptualizing Economic Diplomacy: Building a Framework for Research -- Chapter Two Japan?s Economic Diplomacy Environment and Establishment -- Chapter Three The ?Business End? of Japan?s Economic Diplomacy: Promoting Environmental and Energy -- Chapter Four The ?Power-Play End? of Japan?s Economic Diplomacy: Relations with North Korea -- Chapter Five Japan?s New Economic Diplomacy: Changing Tactics or Strategy? -- Conclusion Power Shift: Economic Diplomacy on the Rise -- Bibliography -- Index. 330 $aThis book by Maaike Okano-Heijmans makes an important contribution to the concept of economic diplomacy. A conceptual-study mode of economic diplomacy is combined with applied analysis of Japan?s economic diplomacy practice. The two approaches reinforce one another, yielding a conceptualization of economic diplomacy that is grounded in practical insights. A comprehensive approach A core argument in the book is that economic diplomacy, strategically, affirms that economic/commercial interests and political interests reinforce one another and should thus be seen in tandem. This contrasts with the predominant approach in the transatlantic world, which attaches relatively greater importance to the military?economic linkage in the quest for influence. The case of Japan Japan has employed economic diplomacy as a central instrument of its foreign policy and quest for national security since the post-war period. The reconfiguration of regional and global power that started in the 1990's encouraged the Japanese government, in coordination and cooperation with the private sector, to reassess its economic diplomacy policy. Power shifts Economic Diplomacy: Japan and the Balance of National Interests illuminates the debates underlying these shifts, the various ways by which Japan?s reinvention of its economic diplomacy is implemented, and the consequences for Japanese foreign policy at large. Practical relevance The critical insights offered by the examination of Japan are pertinent for Western countries, as well as for other East Asian nations. They will be of interest to scholars and practitioners of diplomacy, international relations and international economic law and policy. This book is the ninth volume in the Diplomatic Studies series, edited by Jan Melissen and published by Brill, Martinus Nijhoff Publishers. For more information see brill.com/economic-diplomacy-0. 410 0$aDiplomatic Studies$v9. 607 $aJapan$xForeign economic relations 607 $aJapan$xForeign relations 607 $aJapan$xEconomic policy$y1989- 607 $aJapan$xPolitics and government$y1989- 608 $aElectronic books. 676 $a337.52 700 $aOkano-Heijmans$b Maaike$0907571 801 0$bMiAaPQ 801 1$bMiAaPQ 801 2$bMiAaPQ 906 $aBOOK 912 $a9910452557703321 996 $aEconomic diplomacy$92030203 997 $aUNINA LEADER 03499oam 2200673 c 450 001 9910875592503321 005 20260302090207.0 010 $a3-8309-9782-5 024 3 $a9783830997825 035 $a(CKB)5580000000722898 035 $a(Waxmann)9783830997825 035 $a(EXLCZ)995580000000722898 100 $a20260302d2024 uy 0 101 0 $ager 135 $aurnnunnnannuu 181 $ctxt$2rdacontent 182 $cc$2rdamedia 183 $acr$2rdacarrier 200 00$aBegleitung und Beratung $eKonzepte zur Unterstützung professioneller Entwicklung im Lehramtsstudium /$fStefanie Schnebel, Robert Grassinger, Marion Susanne Visotschnig, Thomas Wiedenhorn, Markus Janssen 205 $a1st ed. 210 $aMünster$cWaxmann$d2024 215 $a1 online resource (158 p.) 311 08$a3-8309-4782-8 330 $aLehramtsstudierende dabei zu unterstützen, professionsbezogene Kompetenzen zu entwickeln ist eine Aufgabe für Universitäten und Hochschulen, die derzeit auch im Hinblick auf die Gestaltung individueller Begleitungs- und Beratungsangebote diskutiert wird. Um eigene Voraussetzungen und bisherigen Kompetenzerwerb zu reflektieren und Hinweise für die weitere Professionalisierung zu erlangen, erscheint vielversprechend, Lehramtsstudierende anzuregen, ihre professionsbezogene Eignung und Entwicklung in Self-Assessments zu überprüfen und spezifisch etablierte Beratungs-, Coaching- oder Mentoring-Angebote sowie Trainings zu nutzen. Neben in der Lehrkräftebildungsforschung evidenzbasiert postulierten Kompetenzfacetten und Persönlichkeitsmerkmalen, die Grundlage der hier aufgenommenen Beiträge zur Kompetenzentwicklung sind, bilden kommunikative und sprechbezogene Kompetenzen zentrale Momente gelingenden beruflichen Handelns. Verschiedene Ansätze, die derzeit an unterschiedlichen Standorten entwickelt, implementiert und evaluiert werden, werden in diesem Sammelband präsentiert. Einige Beiträge widmen sich übergreifender Maßnahmen zur Förderung des Kompetenzerwerbs und personaler Faktoren, während weitere Beiträge spezifisch Angebote des Screenings und der Unterstützung von Sprech- und Stimmfähigkeiten diskutieren. Es werden theoretische Fundierungen, Konkretisierungen der Maßnahmen sowie Ergebnisse begleitender Forschung berichtet. 606 $aProfession 606 $aLehramt 606 $aSelf-Assesment 606 $aSelbstreflexion 606 $aProfessionalisierung 606 $aStimmscreening 606 $aStudienbegleitung 606 $aUnterstützung 606 $aUniversität Regensburg 606 $aUniversität Tübingen 606 $aUniversität Aachen 606 $aAllgemeine Erziehungswissenschaft 615 4$aProfession 615 4$aLehramt 615 4$aSelf-Assesment 615 4$aSelbstreflexion 615 4$aProfessionalisierung 615 4$aStimmscreening 615 4$aStudienbegleitung 615 4$aUnterstützung 615 4$aUniversität Regensburg 615 4$aUniversität Tübingen 615 4$aUniversität Aachen 615 4$aAllgemeine Erziehungswissenschaft 702 $aSchnebel$b Stefanie$4edt 702 $aGrassinger$b Robert$4edt 702 $aVisotschnig$b Marion Susanne$4edt 702 $aWiedenhorn$b Thomas$4edt 702 $aJanssen$b Markus$4edt 801 0$bWaxmann 801 1$bWaxmann 906 $aBOOK 912 $a9910875592503321 996 $aBegleitung und Beratung$94415264 997 $aUNINA